00359nam a2200121Ia 4500008004100000040001600041041001200057082001600069100001800085245009500103260002800198300001100226230917s9999||||xx |||||||||||||| ||und|| e62532aMAIN aEnglish a515.7 H496R aHewitt, Edwin 0aReal & abstract analysis: a modern treatment of the theory of functions of a real variable aNew DelhibNarosac1978 a476 p.